000 00251nam a22001217a 4500
008 190205b xxu||||| |||| 00| 0 eng d
041 _aeng
080 _a574
100 _a9
101 _aMJE
245 _aPlant Science
_cJanick, J
942 _2udc
_cBK
999 _c54053
_d54053